000
00332 a2200157 4500
001
193139
020
_a
978-85-7488-725-8
040
_c
Magnum
100
_a
Sousa, MaurĂcio de
240
1
0
_a
O gato de botas
_l
por
245
1
0
_a
O gato de botas
300
_a
16
362
0
_a
2008
697
_a
LITERATURA INFANTO
942
_c
BK
999
_c
193139
_d
193139